000 00213nam a2200085Ia 4500
008 120527s9999 xx 000 0 und d
100 _aGOURDIN,M.
245 _aFormalisme lagvangien et lois de symetrie.
942 _cBK
999 _c24216
_d24216